000 00672nam a2200289Ia 4500
005 20260324145413.0
008 008 260324s9999 xx 000 0 eng d
020 _a9781351073424
037 _aEBOOK
040 _aCRL
040 _beng
040 _cCRL
041 _2eng
041 _aeng
084 _qCRL
100 _aHeinz Furthmayr
_91222841
245 0 _aImmunochemistry Of The Extracellular Matrix
245 0 _bVolume 2
260 _bTaylor and Francis
260 _c1982
365 _a
365 _b300
856 _uhttp://www.taylorfrancis.com/books/9781351073424
942 _cEBOOK
999 _c1830698
_d1830698